000 01189naa a22002897a 4500
001 BR7100354
003 BR-BrBNA
005 20240918173422.0
007 ta
008 230509b bl.||||| |||| 00| 0 por d
040 _aBR-BrBNA
_bpor
_cBiblioteca Nacional de Agricultura
041 _a(Pt)
072 _aF00
_b1410
_bG514
090 _aF00 BR7100354
100 1 _aLisboa, N.B. (Diretoria Estadual do Ministerio da Agricultura na Paraiba, Joao Pessoa (Brazil))
111 1 _a1. Simposio Brasileiro de Feijao
_cCampinas, SP (Brazil)
_d22 Aug 1971
245 1 _aAspectos gerais de Producao de feijao no estado da Paraiba [Brasil]
260 3 _aSao Paulo, SP (Brasil):
_c1971.
500 _a1. Simposio Brasileiro de Feijao. Aspectos gerais da producao de feijao no Brasil. Secao A Sao Paulo, SP (Brasil): 1971. p. 108-122 (BR7100354-AM)F00
650 _aProducao vegetal
650 _aFeijao
650 _aPratica cultural
650 _aParaiba
773 0 _t1. Simposio Brasileiro de Feijao. Aspectos gerais da producao de feijao no Brasil. Secao A
_b
_wF00 BR7100354
_gSao Paulo, SP (Brasil), 1971. p. 108-122
909 _a202404
_bLucia
_c55
_dLucia Elande
942 _cAM
_2AGRIS
999 _c304503
_d304503